Junta al Personaje Importante con su País: América - Estadísticas

Estadísticas generales
  • Esta prueba ha sido intentada 113 veces
  • La puntuación promedio es 15 de 34
Estadísticas de respuestas
Hint Respuesta % Correcto
Pelé Brasil
87%
John F. Kennedy Estados Unidos
86%
Frida Kahlo México
84%
Papa Francisco Argentina
83%
Fidel Castro Cuba
81%
Gabriel García Márquez Colombia
75%
Usain Bolt Jamaica
75%
Evo Morales Bolivia
73%
Pablo Neruda Chile
71%
José Mujica Uruguay
66%
Nayib Bukele El Salvador
64%
Simón Bolívar Venezuela
63%
Rihanna Barbados
61%
Daniel Ortega Nicaragua
53%
Túpac Amaru II Perú
48%
Rafael Correa Ecuador
47%
Juan Luis Guerra República Dominicana
43%
Jovenel Moïse Haití
37%
Jim Carrey Canadá
35%
Rubén Blades Panamá
34%
Clarence Seedorf Surinam
28%
Nicki Minaj Trinidad y Tobago
28%
Miguel Ángel Asturias Guatemala
27%
Augusto Roa Bastos Paraguay
27%
Kimbo Slice Bahamas
23%
Jamaica Kincaid Antigua y Barbuda
20%
Chavela Vargas Costa Rica
17%
Francisco Morazán Honduras
16%
Alexander Hamilton San Cristóbal y Nieves
14%
Levern Spencer Santa Lucía
14%
Forbes Burnham Guyana
13%
Kirani James Granada
12%
Shyne Belice
11%
Jean Rhys Dominica
7%
No se encontraron pruebas coincidentes
Distribución de puntuación
Porcentaje de gente con cada puntuación
Porcentaje por número respondido
Historial de tus puntuaciones
No has intentado esta prueba.